000 00301nam a22001337a 4500
008 181106b xxu||||| |||| 00| 0 eng d
020 _a9780618766437
041 _aeng
080 _26th
_a371
100 _a46
101 _aEDU
245 _aStudent Achievement Series
_cKanar,C.C
942 _2udc
_cBK
999 _c52032
_d52032